| 000 | 04571nam a22002657a 4500 | ||
|---|---|---|---|
| 003 | OSt | ||
| 005 | 20260515115414.0 | ||
| 008 | 260121b |||||||| |||| 00| 0 eng d | ||
| 022 | _a0019-8501 | ||
| 022 | _a1873-2062 | ||
| 040 |
_aTBS _bEN _cTBS |
||
| 041 | _aeng | ||
| 100 |
_aKumar, Prashant _926983 _eauthor |
||
| 245 |
_aA bibliometric analysis of extended key account management literature _c/ Prashant Kumar, Arun Sharma, Jari Salo. |
||
| 260 |
_bIndustrial Marketing Management, _c2019. |
||
| 300 | _a276-292 pages. | ||
| 362 | _aIndustrial marketing management, 2019-10, Vol.82, p.276-292 | ||
| 520 | _aKey account management (KAM) has played an important role in business, and this study reviews key account management research using bibliometric techniques. This review includes 373 KAM relevant articles published in 68 journals between 1979 and 2016. In our analysis, we extend the discussion on KAM literature by highlighting areas such as the roles of technology and conflict as well as relationship planning and implementation. We discuss the value of co-creation, inter-organizational design elements, and dyad-level performance measures. We examine five distinctive time-periods and find that KAM relevant literature has progressed 1) from selling and relationship-building approaches to key network management, 2) from network innovation to governance, 3) from network-level performance to co-creation of business solutions and values, 4) from product and service performance to incorporating sustainability. Finally, we present the fifth transition based on a network-view of KAM and identify future research aimed at integrating areas such as network-based orientation, applications of organizational theories, organizational innovativeness, network competence for optimal structure and processes, network-based KAM teams, value-sharing mechanisms, co-created value measurement, and value sustenance within networks. We identify areas of future research and expect the adoption and application of key account management concepts to grow across multiple disciplinary fields. | ||
| 630 | 0 |
_aMSc International Business _926977 |
|
| 650 | 0 |
_aBibliometrics _926984 |
|
| 700 |
_aSharma, Arun _926985 _eauthor |
||
| 700 |
_aSalo, Jari _926986 _eauthor |
||
| 856 | _uhttps://pdf.sciencedirectassets.com/271714/1-s2.0-S0019850119X00073/1-s2.0-S0019850118304954/main.pdf?X-Amz-Security-Token=IQoJb3JpZ2luX2VjEMX%2F%2F%2F%2F%2F%2F%2F%2F%2F%2FwEaCXVzLWVhc3QtMSJGMEQCIEmA%2FVIsTKGAwTht4g%2FAoW8WOyl3NRpJNvrnT2s8mMpYAiA3Xo91%2BU0OnpW9YOwxEQcMPZ%2BHVzhEpZE3iFEQhKiTbiq7BQiN%2F%2F%2F%2F%2F%2F%2F%2F%2F%2F8BEAUaDDA1OTAwMzU0Njg2NSIM%2FaeuT1pK2GdaWG4GKo8FfRm3d9FzYNOgkS0V3ecDCgGiw4u%2Fi0JllXg1fuOq34bcVbM1mEJnXHFDTnVroiKi%2BBFrZznip%2F1Pci379x6827m3Cauv07mNWVzfQ6AwwZHEMIWM9QKV4bfU6AO3JWjQ5Zv1v1giCJT9%2B5tmFjY4GQ3CawMjw7MqFfRmQWjS1Xr6632fVulwlL629uhScQ2CJsEhIInsZqwBhV016N3LaGFr81D7rqXfMsTrvxI0o6a%2BzxJTQHMZ9QCF8l5JMBPp5W3modegrJwuKsuaparedyZ%2BVkSSKb4phX6LFnNgc9274xOV%2BODPsiaYCHS%2BSF3Dc6rzlm8OMywwkQ%2FP8%2FBmyBdiP%2F7vuRpi%2B6bk49rxN3AI8KMbkscrzXOuf4txaqpM2bigwzUVBd3ARDToWniqRyEYPoFXSX61FKqdqnIBLrflF9WWFMClNLvuCAXTaKnBXoanUi3Q1w7BhBumUVWmBobJ9aPMxSGkXuPyILEHBZmFIsz%2Feb6Q8vJ4JMaKfz1d8eY%2Br3YK1T2mkpEeEkw8zV4Zw2cB4zAQHa4NauY6j7flFLKiRKRRid9FLCGTGj6AG1M6LfytK4I2eaaKVeik4KORDVNh5XD4CTu%2FOYmfra9KxDzesxlnKY78e7XGZmSY5gfMYh4Q4InSAglyK4lssZlGx8NZfKunAvDEGg%2FL%2F3LQEuq%2Bt8DdtLdk48ujiSTUnsHAUXcsGk%2BG8eQskTkhWRkUcxgExlceVvceZH7RTfxP49P%2FgIe9zog%2FVRthKDA3bEbvBLtGp%2BcN8LJ059%2B3j6pc65gO3jLrU7ztU1dVxESTb8aJ5sD%2BmKV9sjNXbv6384zBjn9nhIYqE0bGtK0AymaE0fnHUYAd9HCC0tdAFjD8nKfMBjqyAXmjBSAEetFSBZ7%2BMZZMagoEBET5WQ6%2BUnH3mF2DbSAOTG3coKUX2466Tqa4548PaiSmqhV6ZstFj3q4y7SsML0wocgbPduEcU1b9OuyosOAQL2FbiNDzBb%2BoreTYMc3UjXCi%2B12bqWPtDTAioEjA%2FiFqDnByRHoaGf4LmSpiv4RNJjd48HbpgwV%2B%2BgNjtSxuOAxV6Za0LZbfRRkJ1GcY%2F1c0BdmHKWDGLPTfr1APCxa7jA%3D&X-Amz-Algorithm=AWS4-HMAC-SHA256&X-Amz-Date=20260209T132626Z&X-Amz-SignedHeaders=host&X-Amz-Expires=300&X-Amz-Credential=ASIAQ3PHCVTYRIXM7M56%2F20260209%2Fus-east-1%2Fs3%2Faws4_request&X-Amz-Signature=b34c05984ba2c153d78a9b5fd697610869e704e7c4e1577c4dad93eeb0e1e545&hash=3f0c52d17b5cf09b11dd9603bda5e642ad883aae0e11a2394d08327f53c0a7ca&host=68042c943591013ac2b2430a89b270f6af2c76d8dfd086a07176afe7c76c2c61&pii=S0019850118304954&tid=spdf-42c9626e-94fb-47d6-ab91-acdb8e2d853e&sid=a475499449fb7847374abaa1bcab5d500186gxrqb&type=client&tsoh=d3d3LXNjaWVuY2VkaXJlY3QtY29tLmh1Yi50YnMtZWR1Y2F0aW9uLmZy&rh=d3d3LXNjaWVuY2VkaXJlY3QtY29tLmh1Yi50YnMtZWR1Y2F0aW9uLmZy&ua=1c1d5c02005c005c0200&rr=9cb3b2ce0ee1b6b4&cc=fr | ||
| 942 | _2lcc | ||
| 999 |
_c5233 _d5233 |
||